| 000 | 01341nam a22003617a 4500 | ||
|---|---|---|---|
| 003 | CHAP | ||
| 005 | 20220817044127.0 | ||
| 008 | 060929d2006 mx bd r 00110 spa d | ||
| 010 | _a92829 | ||
| 011 | _a93801 | ||
| 035 | _a104382 | ||
| 040 | _cCHAP | ||
| 090 | _aTesis | ||
| 100 | 1 |
_aCarrillo Pineda, Ramón. _919527 |
|
| 245 | 1 | 0 |
_aAnálisis de rentabilidad del cultivo de palma de aceite (Elaeis guineesis jacq) en el municipio de Jalapa, Tabasco _c/por Ramón Carrillo Pineda |
| 260 |
_aChapingo, Méx. : _bEl autor, _c2006 |
||
| 300 |
_a86 h. : _bgráfs. ; mapas ; cuadros |
||
| 502 | _aTesis (Ing. Agr. Esp. en Fitotecnia) -- UACH. Departamento de Fitotecnia | ||
| 590 |
_aALEPH _b10 _c20130110 _lUCH01 _h1514 |
||
| 590 |
_aBATCH-UPD _b10 _c20130110 _lUCH01 _h0502 |
||
| 590 |
_aBATCH-UPD _b10 _c20130410 _lUCH01 _h0140 |
||
| 590 |
_aBATCH-UPD _b10 _c20130914 _lUCH01 _h0852 |
||
| 590 |
_aCONVERSION _b10 _c20130109 _lUCH01 _h1351 |
||
| 650 | 1 | 4 |
_aCultivos _xAspectos económicos. _930230 |
| 650 | 1 | 4 |
_aCultivos _xTabasco. _930328 |
| 650 | 1 | 4 | _aElaeis guineensis. |
| 650 | 1 | 4 |
_aPalmas _xTabasco. _984984 |
| 901 | _aBK | ||
| 905 | _aMarco A. Mendoza T. | ||
| 942 | _cFOLL | ||
| 949 |
_aTesis _bBC _cTES _d00000001043821 _eTS1 _gDonaciØn _h45786 _i104382 _sb |
||
| 949 |
_aTesis _bBC _cTES _d33724000996518 _eTS2 _fc.2 _gDonaciØn _h45787 _i104382 _si |
||
| 999 |
_c92829 _d92829 |
||